Kamarádům polka /

Hlavní autor: Orság, Antonín
Jazyk: Nelze použít, není lingvistický obsah
Vydáno: Křižanovice u Bučovic : Michal Steranka, c2007
Edice: Dechová hudba (Steranka)
Témata:
Fyzický popis: 18 hlasů ; 14 x 20 cm
Hudebniny Hudebniny
Uloženo v:
LEADER 01140ncm a2200349 a 4500
001 001081529
003 CZ BrMZK
005 20180924132730.0
007 qu
008 100106s2007 xr dfzeg nn zxx d
024 2 |q (Volné listy v obalu) 
028 3 1 |a DH 231  |b Michal Steranka 
040 |a BOA001  |b cze 
041 0 |a zxx  |g cze 
072 7 |a 784  |x Vokální hudba  |2 Konspekt  |9 9 
080 |a 784.9.085.2  |2 MRF 
080 |a 785.12  |2 MRF 
080 |a 78.087  |2 MRF 
100 1 |a Orság, Antonín  |7 mzk2010611993  |4 cmp 
240 1 0 |a Kamarádům 
245 1 0 |a Kamarádům  |h [hudebnina] :  |b polka /  |c Antonín Orság 
260 |a Křižanovice u Bučovic :  |b Michal Steranka,  |c c2007 
300 |a 18 hlasů ;  |c 14 x 20 cm 
490 1 |a Dechová hudba ;  |v DH 231 
650 0 7 |a polky (zpěv (2), dechový orchestr)  |7 ph321604  |2 czenas 
650 0 7 |a dechová hudba  |7 ph119353  |2 czenas 
655 7 |a hlasy  |7 fd186703  |2 czenas 
830 0 |a Dechová hudba (Steranka) 
910 |a BOA001  |b Mus1-1233.657 
990 |a MU 
991 |b 201001  |c NOV 
996 6 |b 2610404975  |c Mus1-1233.657  |l MZK  |r Sklad / do 1 hodiny  |n 1  |p p.v.  |w 001103397  |u 000010  |a 1  |e BOA001  |j MZK50  |s P